000
00200 a2200097 4500
001
5575
100
_a
Snodgrass,B
245
_a
Jeach Yourself slide rule,
260
_a
_b
EUP
_c
090
_c
4582
_d
4582
942
_a
NUST-CAE
_c
M
_c
30914
999
_c
240648
_d
240648